1652 1061 1541 1246 1100 1640 1407 1149 1530 1122 1074 1653 1739 1065 1097 1648 1387 1720 1800 1630 1646 1718 1512 1573 1127 1655 1552 1147 1924 1451 1288 1770 1810 1604 1456 1509 1502 1154 1094 1056 1421 1425 1019 1263 1785 1965 1814 1749 1223 1232 1586 1781 1969 1102 1661 1286 1870 1055 1283 1832 1032 1142 1530 1469 1243 1433 1443 1918 1148 1475 1177 1891 1472 1936 1264 1825 1563 1142 1858 1848 1312 1931 1494 1166 1867 1450 1403 1090 1287 1631 1793 1847 1422 1450 1600 1381 1577 1668 1159 BCNSPRNW ULIB Ver.6.0+V

เปลี่ยนเป็นภาษาไทย

Change to English
 แสดงรายละเอียดบรรณานุกรม
  กลับหน้าหลัก

Brief Record : Get Marc (ISO 2709) : E-mail record : QR code < ปิดหน้าต่าง
LEADER : 00000nam 2200000uu 4500
001    13399113426
003     ULIB
008    111115s2546||||th 000 0 tha d
020    ^a9743227466
020    ^a9789743227462
050  4 ^aAC159^bพ239ค
100 0  ^aพรทิพย์ โรจนสุนันท์,^cคุณหญิง,^d2497-
245 10 ^aคิดทางขวาง /^cพ.ญ. คุณหญิงพรทิพย์ โรจนสุนันท์
250    ^aพิมพ์ครั้งที่ 3
260    ^aกรุงเทพฯ :^bมติชน,^c2546
300    ^a216 หน้า :^bภาพประกอบ ;^c21 ซม.
650  7 ^aรวมเรื่อง
945    ^p158^l0^i11845
995    ^aกัณชพร
999    ^aใช้งานได้ทุกระบบ
รายการนี้ยังไม่มีแท็ก
คุณยังไม่ได้ล็อกอิน คุณสามารถมีกิจกรรมร่วมกับเว็บไซต์ได้ แต่ต้องล็อกอินก่อน ::
  ล็อกอิน

รายการสื่อสารสนเทศ

ลำดับที่ ประเภท เลขเรียก/บาร์โค้ด สถานที่ สถานะ
- ไม่พบข้อมูล -

รายการใกล้เคียง
    หัวเรื่อง [รวมเรื่อง]

BibComment


ยังไม่เคยถูกคอมเมนท์

คอมเมนท์ทรัพยากรรายการนี้
  คอมเมนท์: คิดทางขวาง พญ ค..


 Copyright 2026. Bcnsprnw @Library